1510 1535 1934 1818 1554 1000 1945 1133 1617 1015 1655 1904 1576 1982 1930 1439 1519 1826 1636 1574 1750 1648 1921 1649 1169 1594 1486 1089 1207 1332 1732 1575 1744 1703 1043 1569 1852 1487 1998 1310 1800 1992 1402 1349 1152 1746 1451 1135 1721 1575 1116 1557 1361 1742 1179 1525 1957 1265 1598 1969 1294 1635 1034 1942 1609 1519 1661 1694 1119 1379 1487 1278 1421 1803 1157 1771 1486 1197 1176 1276 1655 1511 1872 1336 1640 1290 1620 1571 1110 1061 1145 1720 1237 1152 1055 1199 1223 1025 1915 BCNSPRNW ULIB Ver.6.0+V

เปลี่ยนเป็นภาษาไทย

Change to English
 แสดงรายละเอียดบรรณานุกรม
  กลับหน้าหลัก

Brief Record : Get Marc (ISO 2709) : E-mail record : QR code < ปิดหน้าต่าง
LEADER : 00000nam 2200000uu 4500
001    13399114848
003     ULIB
008    120611s2553||||th 000 0 tha d
020    ^a9789740326489
060 04 ^aWA590^bณ249ก
100 0  ^aณรงค์ศักดิ์ หนูสอน
245 10 ^aการส่งเสริมสุขภาพในชุมชนแนวคิดและการปฏิบัติ /^cณรงค์ศักดิ์ หนูสอน
250    ^aพิมพ์ครั้งที่ 1
260    ^aกรุงเทพฯ :^bโรงพิมพ์แห่งจุฬาลงกรณ์มหาวิทยาลัย,^c2553
300    ^a253 หน้า :^bภาพประกอบ ;^c26 ซม.
650  7 ^aการส่งเสริมสุขภาพ
945    ^p185^l0^i16822
945    ^p185^l0^i16823
945    ^p185^l0^i16821
945    ^p185^l0^i16824
995    ^aกัณชพร
999    ^aใช้งานได้ทุกระบบ
รายการนี้ยังไม่มีแท็ก
คุณยังไม่ได้ล็อกอิน คุณสามารถมีกิจกรรมร่วมกับเว็บไซต์ได้ แต่ต้องล็อกอินก่อน ::
  ล็อกอิน

รายการสื่อสารสนเทศ

ลำดับที่ ประเภท เลขเรียก/บาร์โค้ด สถานที่ สถานะ
1. วิทยาศาสตร์การแพทย์ และสุขภาพ
วิทยาศาสตร์การแพทย์ และสุขภาพ
WA590 ณ249ก ฉ.1 
  Barcode: 16821
ห้องสมุดวิทยาเขตนครสวรรค์
►หนังสือทั่วไป:l:General Books
บนชั้น
2. วิทยาศาสตร์การแพทย์ และสุขภาพ
วิทยาศาสตร์การแพทย์ และสุขภาพ
WA590 ณ249ก ฉ.4 
  Barcode: 16824
ห้องสมุดวิทยาเขตนครสวรรค์
►หนังสือทั่วไป:l:General Books
บนชั้น

รายการใกล้เคียง
    ผู้แต่ง [ณรงค์ศักดิ์ หนูสอน]

    หัวเรื่อง [การส่งเสริมสุขภาพ]

BibComment


ยังไม่เคยถูกคอมเมนท์

คอมเมนท์ทรัพยากรรายการนี้
  คอมเมนท์: การส่งเสริมสุขภา..


 Copyright 2026. Bcnsprnw @Library